Jackie Robinson / (Record no. 1777)

MARC details
000 -LEADER
fixed length control field 01426cam a22003974a 4500
001 - CONTROL NUMBER
control field 1777
003 - CONTROL NUMBER IDENTIFIER
control field FISKH
005 - DATE AND TIME OF LATEST TRANSACTION
control field 20230929083634.0
008 - FIXED-LENGTH DATA ELEMENTS--GENERAL INFORMATION
fixed length control field 011217s2002 nyua 001 0 eng
010 ## - LIBRARY OF CONGRESS CONTROL NUMBER
LC control number 2001008319
020 ## - INTERNATIONAL STANDARD BOOK NUMBER
International Standard Book Number 0516225200
040 ## - CATALOGING SOURCE
Original cataloging agency DLC
Transcribing agency DLC
Modifying agency DLC
Language of cataloging eng
042 ## - AUTHENTICATION CODE
Authentication code pcc
-- lcac
043 ## - GEOGRAPHIC AREA CODE
Geographic area code n-us---
050 00 - LIBRARY OF CONGRESS CALL NUMBER
Classification number GV865.R6
Item number M37 2002
082 00 - DEWEY DECIMAL CLASSIFICATION NUMBER
Classification number 796.357/092
-- B
Edition number 21
100 1# - MAIN ENTRY--PERSONAL NAME
Personal name Mara, Wil.
245 10 - TITLE STATEMENT
Title Jackie Robinson /
Statement of responsibility, etc. by Wil Mara.
260 ## - PUBLICATION, DISTRIBUTION, ETC.
Place of publication, distribution, etc. New York :
Name of publisher, distributor, etc. Scholastic,
Date of publication, distribution, etc. 2002.
300 ## - PHYSICAL DESCRIPTION
Extent 31 pages :
Other physical details color illustrations ;
Dimensions 19 cm.
490 1# - SERIES STATEMENT
Series statement Rookie biographies
505 ## - FORMATTED CONTENTS NOTE
Formatted contents note R<br/>
520 ## - SUMMARY, ETC.
Summary, etc. Brief text chronicles the life of the Hall of Fame baseball player who, in 1947, became the first African American to play for a major league team.
521 8# - TARGET AUDIENCE NOTE
Target audience note 730<br/>
Source Lexile<br/>
521 8# - TARGET AUDIENCE NOTE
Target audience note R<br/>
Source Raz-Plus<br/>
600 10 - SUBJECT ADDED ENTRY--PERSONAL NAME
Personal name Robinson, Jackie,
Dates associated with a name 1919-1972
Form subdivision Juvenile literature.
600 11 - SUBJECT ADDED ENTRY--PERSONAL NAME
Personal name Robinson, Jackie,
Dates associated with a name 1919-1972.
650 #0 - SUBJECT ADDED ENTRY--TOPICAL TERM
Topical term or geographic name entry element Baseball players
Geographic subdivision United States
Form subdivision Biography
-- Juvenile literature.
650 #0 - SUBJECT ADDED ENTRY--TOPICAL TERM
Topical term or geographic name entry element African American baseball players
Form subdivision Biography
-- Juvenile literature.
650 #1 - SUBJECT ADDED ENTRY--TOPICAL TERM
Topical term or geographic name entry element Baseball players.
650 #1 - SUBJECT ADDED ENTRY--TOPICAL TERM
Topical term or geographic name entry element African Americans
Form subdivision Biography.
830 #0 - SERIES ADDED ENTRY--UNIFORM TITLE
Uniform title Rookie biography.
906 ## - LOCAL DATA ELEMENT F, LDF (RLIN)
a 7
b cbc
c orignew
d 1
e ecip
f 20
g y-gencatlg
942 ## - ADDED ENTRY ELEMENTS (KOHA)
Source of classification or shelving scheme Dewey Decimal Classification
Koha item type Books
Suppress in OPAC No
Holdings
Withdrawn status Lost status Source of classification or shelving scheme Damaged status Not for loan Collection Home library Current library Shelving location Date acquired Total Checkouts Full call number Barcode Date last seen Price effective from Koha item type
    Dewey Decimal Classification     Non-Fiction Footprints International School Library Network Toul Kork Campus Footprints International School Library Network Toul Kork Campus TK Primary Library Room(4th Floor), Bookcase 5&6, Shelves 33-56, Orange Books 09/29/2023   MAR 796.357 GV865.R6 FISTK03237 09/29/2023 09/29/2023 Books